Gestión ambiental para la fauna silvestre en Colombia / (Registro nro. 1871)
[ vista simple ]
| 000 -CABECERA | |
|---|---|
| Campo de control | 00844nam a2200253 a 4500 |
| 005 - FECHA Y HORA DE LA ULTIMA TRANSACCION | |
| Campo de control | 20200104041525.0 |
| 008 - ELEMENTOS DE LONGITUD FIJA—INFORMACION GENERAL | |
| Campo de control | 140303s1997 ck a gr|||| 00| 0 spa d |
| 040 ## - FUENTE DE CATALOGACIÓN | |
| Agencia catalogadora original | CO-BoIAVH |
| Agencia transcriptora | CO-BoIAVH |
| 041 0# - IDIOMA | |
| Código de idioma para texto/pista de sonido o título separado | Español |
| 044 ## - PAÍS DE PUBLICACIÓN | |
| País de publicación | Colombia |
| 082 04 - NUMERO DE CLASIFICACION DECIMAL DEWEY | |
| Número de clasificación | 658.4095 |
| Número del ítem | M66g |
| 110 2# - ASIENTO PRINCIPAL--NOMBRE CORPORATIVO | |
| Unidad subordinad | Colombia. |
| Nombre corporativo o de jurisdicción como elemento de entrada | Ministerio del Medio Ambiente |
| 9 (RLIN) | 62425 |
| 245 10 - MENCION DE TITULO | |
| Título | Gestión ambiental para la fauna silvestre en Colombia / |
| Mención de responsabilidad | Ministerio del Medio Ambiente |
| 260 ## - PUBLICACION, DISTRIBUCION, ETC. (PIE DE IMPRENTA) | |
| Lugar de publicación, distribución, etc. | Bogotá : |
| Nombre del editor, distribuidor, etc. | Ministerio del Medio Ambiente, |
| Fecha de publicación, distribución, etc. | 1997. |
| 300 ## - DESCRIPCION FISICA | |
| Extensión | 31 páginas : |
| Otros detalles físicos | Ilustraciones ; |
| Dimensiones | 28 x 22 cm. |
| 650 26 - ASIENTO SECUNDARIO DE MATERIA - TERMINO TEMATICO | |
| Término temático o nombre geográfico como elemento de entrada | Fauna silvestre |
| 9 (RLIN) | 92225 |
| 650 16 - ASIENTO SECUNDARIO DE MATERIA - TERMINO TEMATICO | |
| Término temático o nombre geográfico como elemento de entrada | Gestión ambiental |
| 9 (RLIN) | 92206 |
| 650 26 - ASIENTO SECUNDARIO DE MATERIA - TERMINO TEMATICO | |
| Término temático o nombre geográfico como elemento de entrada | Política ambiental |
| 9 (RLIN) | 62428 |
| 650 26 - ASIENTO SECUNDARIO DE MATERIA - TERMINO TEMATICO | |
| Término temático o nombre geográfico como elemento de entrada | Uso sostenible |
| 9 (RLIN) | 344 |
| 650 26 - ASIENTO SECUNDARIO DE MATERIA - TERMINO TEMATICO | |
| Término temático o nombre geográfico como elemento de entrada | Recuperación ambiental |
| 9 (RLIN) | 2472 |
| 650 26 - ASIENTO SECUNDARIO DE MATERIA - TERMINO TEMATICO | |
| Término temático o nombre geográfico como elemento de entrada | Manejo de biodiversidad |
| 9 (RLIN) | 2614 |
| 662 ## - ASIENTO SECUNDARIO DE MATERIA - JERARQUIA DEL NOMBRE DE LUGAR( | |
| País o entidad mayor | Colombia |
| 942 ## - ELEMENTOS ADICIONALES (KOHA) | |
| Tipo de ítem | Libro |
| Sistema de clasificación | Dewey Decimal Classification |
| Koha issues (borrowed), all copies | 1 |
| Withdrawn status | Lost status | Sistema de Clasificación | Damaged status | No para préstamo | Colección | Inventariado | Ubicación Permanente | Ubicación actual | Fecha de adquisición | Fuente de Valor | Valor | Total Checkouts | Número topográfico | Inventario / Código de Barras | Date last seen | Ejemplar | Price effective from | Forma de adquisición | Tipo de material | Date checked out |
|---|---|---|---|---|---|---|---|---|---|---|---|---|---|---|---|---|---|---|---|---|
| Dewey Decimal Classification | General | Inventariado 2017 | Bogotá | Bogotá | 13/08/2001 | Instituto | 39000.00 | 1 | LB-658.4095 M66g | 002338 | 17/05/2017 | Ej. 1 | 04/12/2012 | Libro | 17/05/2017 | |||||
| Dewey Decimal Classification | General | Inventariado 2017 | Sala Fabio Quevedo | Sala Fabio Quevedo | 09/10/2017 | Instituto | 39000.00 | LB-658.4095 M66g | 000990 | 04/12/2012 | Ej. 3 | 04/12/2012 | Donación | Libro | ||||||
| Dewey Decimal Classification | General | Inventariado 2017 | Sala Fabio Quevedo | Sala Fabio Quevedo | 07/08/1998 | Instituto | 39000.00 | LB--658.4095 M66g | 000991 | 04/12/2012 | Ej. 4 | 04/12/2012 | Donación | Libro | ||||||
| Dewey Decimal Classification | General | Inventariado 2017 | Sala Fabio Quevedo | Sala Fabio Quevedo | 24/01/2001 | Instituto | 39000.00 | LB-658.4095 M66g | 002337 | 24/02/2016 | Ej. 2 | 04/12/2012 | Libro |